[Event "Women's World Team Championship"]
[Site "Astana KAZ"]
[Date "2013.03.05"]
[EventDate "2013.03.03"]
[Round "3.4"]
[Result "0-1"]
[White "Sabina-Francesca Foisor"]
[Black "Shen Yang"]
[WhiteElo "2313"]
[BlackElo "2415"]
[PlyCount "82"]

1. d4 d5 2. Nf3 Nf6 3. Bf4 c5 4. c3 Qb6 5. Qb3 Nc6 6. dxc5
Qxc5 7. e3 g6 8. Nbd2 Bg7 9. Be2 O-O 10. O-O Nh5 11. Bg5 h6
12. Bh4 e5 13. c4 Be6 14. Qb5 Qxb5 15. cxb5 Nb8 16. Be7 Rc8
17. Rac1 Nd7 18. Bd6 Bf6 19. Nb3 Ng7 20. Nc5 e4 21. Nxd7 Bxd7
22. Nd4 Bxd4 23. exd4 Ne6 24. Be5 f6 25. Bxf6 Nf4 26. Rce1
Nxe2+ 27. Rxe2 Bxb5 28. Rd2 Bxf1 29. Kxf1 e3 30. fxe3 Rf8
31. Rf2 Rac8 32. g4 Rc6 33. Be5 Rc2 34. Rxf8+ Kxf8 35. b4 Rxa2
36. h4 h5 37. gxh5 gxh5 38. Ke1 Kf7 39. e4 Ke6 40. exd5+ Kxd5
41. Kd1 Rb2 0-1

[Event "Women's World Team Championship"]
[Site "Astana KAZ"]
[Date "2013.03.09"]
[EventDate "2013.03.03"]
[Round "6.4"]
[Result "1/2-1/2"]
[White "Shen Yang"]
[Black "Carmen Voicu-Jagodzinsky"]
[WhiteElo "2415"]
[BlackElo "2281"]
[PlyCount "62"]

1. d4 Nf6 2. c4 c5 3. d5 e6 4. Nc3 exd5 5. cxd5 d6 6. Nf3 g6
7. Bf4 a6 8. a4 Bg7 9. h3 O-O 10. e3 Nh5 11. Bh2 f5 12. Be2 f4
13. O-O Bh6 14. Qd3 g5 15. Nd2 Bf5 16. e4 Bg6 17. Bg4 Nf6
18. Be6+ Kh8 19. Nc4 Nbd7 20. a5 Qe7 21. Rfe1 Rab8 22. Kh1 Bg7
23. Qd2 Rbd8 24. Qd1 Ne8 25. Ra3 Ne5 26. Nxe5 Bxe5 27. Na4 Ng7
28. Bg4 Bd4 29. Qd2 Qf6 30. Rb3 Rf7 31. Nb6 Re7 1/2-1/2

[Event "3rd HD Bank Cup"]
[Site "Ho Chi Minh City VIE"]
[Date "2013.03.19"]
[EventDate "2013.03.19"]
[Round "1.32"]
[Result "1-0"]
[White "Duc Viet Nguyen"]
[Black "Shen Yang"]
[WhiteElo "2075"]
[BlackElo "2415"]
[PlyCount "111"]

1. d4 Nf6 2. Nf3 b5 3. e3 a6 4. c4 bxc4 5. Bxc4 e6 6. O-O Be7
7. Nc3 Bb7 8. d5 O-O 9. e4 exd5 10. exd5 d6 11. Qb3 Qc8
12. Re1 Re8 13. Be3 Nbd7 14. Rad1 Rb8 15. Ba7 Nc5 16. Qc2 Ra8
17. Bxc5 dxc5 18. h3 Bd6 19. Rxe8+ Qxe8 20. Re1 Qf8 21. Qd3 g6
22. Ne4 Nxe4 23. Qxe4 Bc8 24. Qe2 Kg7 25. b3 Qd8 26. Nd2 Bf5
27. g4 Bd7 28. Ne4 Qe8 29. Qb2+ Be5 30. Qd2 Qf8 31. Nxc5 Qxc5
32. Rxe5 Bb5 33. Qe3 Qd6 34. a4 Bd7 35. Re7 Rb8 36. Qc3+ Kg8
37. Qe5 Qxe5 38. Rxe5 Kf8 39. Kg2 Rb4 40. Re4 f5 41. Rd4 fxg4
42. hxg4 g5 43. Re4 Be8 44. Kg3 Bg6 45. Re3 a5 46. f4 Be8
47. Re4 Bg6 48. f5 Bf7 49. Kf2 h5 50. gxh5 Bxh5 51. f6 Bd1
52. Re3 Rb6 53. Re6 Rb4 54. d6 Bg4 55. Re4 Bc8 56. f7 1-0

[Event "3rd HD Bank Cup"]
[Site "Ho Chi Minh City VIE"]
[Date "2013.03.19"]
[EventDate "2013.03.19"]
[Round "2.33"]
[Result "1/2-1/2"]
[White "Shen Yang"]
[Black "Nguyen Sy Hung"]
[WhiteElo "2415"]
[BlackElo "2089"]
[PlyCount "95"]

1. d4 g6 2. c4 Bg7 3. Nf3 Nf6 4. Nc3 d6 5. e4 O-O 6. Be2 e5
7. O-O Nc6 8. d5 Ne7 9. b4 a5 10. Ba3 axb4 11. Bxb4 Nd7 12. a4
Bh6 13. a5 f5 14. Nd2 Nf6 15. c5 Bxd2 16. Qxd2 Nxe4 17. Nxe4
fxe4 18. Rfc1 Nf5 19. cxd6 cxd6 20. Rc4 b6 21. Rxe4 bxa5
22. Bc3 a4 23. Rb1 Ba6 24. f4 Bxe2 25. Qxe2 Qc7 26. Qd2 Qc5+
27. Kh1 Rfc8 28. Ba1 Qc2 29. Qxc2 Rxc2 30. fxe5 dxe5 31. Rxe5
Rac8 32. Ree1 a3 33. Rbd1 Nd6 34. Kg1 a2 35. Be5 Nc4 36. Bf6
Kf7 37. Ba1 Re8 38. Rf1+ Kg8 39. Rf2 Ree2 40. Rxe2 Rxe2 41. d6
Nxd6 42. Kf1 Rc2 43. Rxd6 Rc1+ 44. Kf2 Rxa1 45. Ra6 Kg7
46. Kg3 g5 47. Kg4 h6 48. h3 1/2-1/2

[Event "3rd HD Bank Cup"]
[Site "Ho Chi Minh City VIE"]
[Date "2013.03.20"]
[EventDate "2013.03.19"]
[Round "3.39"]
[Result "1/2-1/2"]
[White "Ivana Maria Furtado"]
[Black "Shen Yang"]
[WhiteElo "2065"]
[BlackElo "2415"]
[PlyCount "84"]

1. d4 Nf6 2. c4 e6 3. Nf3 b6 4. g3 Ba6 5. Qa4 Bb7 6. Bg2 Be7
7. O-O O-O 8. Nc3 Qc8 9. Rd1 d5 10. cxd5 Nxd5 11. Nxd5 Bxd5
12. Bf4 Qb7 13. Rac1 b5 14. Qc2 Na6 15. Ne1 Bxg2 16. Nxg2 c5
17. dxc5 Nxc5 18. Bd6 Bxd6 19. Rxd6 Rac8 20. Qd1 h6 21. Ne3
Qe7 22. f3 a5 23. Rd4 Qa7 24. Kg2 Qb6 25. Rd6 Qb7 26. b3 Qb8
27. Rd2 Qa7 28. Nc2 Qb6 29. Rd6 Qb8 30. Rd2 Rcd8 31. Nd4 Qb6
32. e3 Rd5 33. Qe2 Rfd8 34. Rcd1 Nb7 35. Nc2 Qc5 36. Rxd5 Rxd5
37. Rxd5 Qxd5 38. Nd4 b4 39. Qb5 Qxb5 40. Nxb5 Nc5 41. Kf2 Kf8
42. e4 Ke7 1/2-1/2

[Event "3rd HD Bank Cup"]
[Site "Ho Chi Minh City VIE"]
[Date "2013.03.21"]
[EventDate "2013.03.19"]
[Round "4.33"]
[Result "1-0"]
[White "Shen Yang"]
[Black "Emojong Elijah"]
[WhiteElo "2415"]
[BlackElo "2190"]
[PlyCount "120"]

1. d4 Nf6 2. c4 g6 3. Nc3 Bg7 4. e4 O-O 5. Nf3 d6 6. Be2 e5
7. O-O Nc6 8. d5 Ne7 9. b4 a5 10. Ba3 b6 11. bxa5 Nh5 12. Bb4
bxa5 13. Ba3 f5 14. Nd2 Nf4 15. Re1 fxe4 16. Ndxe4 Nxe2+
17. Rxe2 Nf5 18. Bc1 h6 19. Rb2 Qh4 20. Be3 Nxe3 21. fxe3 Bg4
22. Qe1 Qe7 23. Rab1 Bf5 24. Rb7 Bc8 25. R7b3 Ba6 26. Nb5 Kh7
27. Ra3 a4 28. Rb4 Bxb5 29. Rxb5 Qd7 30. h3 Rfb8 31. Rb4 Qf5
32. c5 dxc5 33. Rxb8 Rxb8 34. Rxa4 Bf8 35. Rc4 Rb2 36. a4 Be7
37. Qf1 Rb4 38. Qc1 Rb3 39. a5 Qc8 40. Nxc5 Rb5 41. Ne4 Rxd5
42. Nf6+ Bxf6 43. Rxc7+ Qd7 44. Rxd7+ Rxd7 45. Qc6 Rf7 46. Qe6
Kg8 47. a6 Bg5 48. Kh2 Bxe3 49. Qe8+ Rf8 50. Qxg6+ Kh8 51. h4
Bf4+ 52. g3 Be3 53. Qh5 Rf2+ 54. Kh3 Bd4 55. Qxh6+ Kg8
56. Qe6+ Rf7 57. h5 Kf8 58. h6 Re7 59. Qxe7+ Kxe7 60. h7 e4
1-0

[Event "3rd HD Bank Cup"]
[Site "Ho Chi Minh City VIE"]
[Date "2013.03.21"]
[EventDate "2013.03.19"]
[Round "5.25"]
[Result "1/2-1/2"]
[White "Wei Chao Chu"]
[Black "Shen Yang"]
[WhiteElo "2243"]
[BlackElo "2415"]
[PlyCount "60"]

1. d4 d5 2. c4 c6 3. Nf3 Nf6 4. Nc3 a6 5. c5 Bf5 6. Bf4 Nbd7
7. e3 Nh5 8. Be5 f6 9. Bg3 g6 10. Nh4 Be6 11. Qb3 Qc8 12. e4
Nxc5 13. dxc5 d4 14. Bc4 Bxc4 15. Qxc4 dxc3 16. bxc3 e5
17. O-O Be7 18. Rad1 Kf8 19. f4 exf4 20. Bxf4 Nxf4 21. Rxf4
Qc7 22. Rd6 Bxd6 23. Rxf6+ Kg7 24. Rxd6 Rhe8 25. Qd4+ Kg8
26. Nf3 Qg7 27. e5 Re7 28. Rf6 Rd7 29. Rd6 Re7 30. Rf6 Rd7
1/2-1/2

[Event "3rd HD Bank Cup"]
[Site "Ho Chi Minh City VIE"]
[Date "2013.03.22"]
[EventDate "2013.03.19"]
[Round "6.24"]
[Result "1/2-1/2"]
[White "Shen Yang"]
[Black "Thi Nhu Y Hoang"]
[WhiteElo "2415"]
[BlackElo "2250"]
[PlyCount "61"]

1. d4 d5 2. Nf3 c6 3. c4 Nf6 4. Nc3 g6 5. e3 Bg7 6. Be2 O-O
7. O-O dxc4 8. Bxc4 Bf5 9. Qe2 Ne4 10. Nh4 Nxc3 11. bxc3 Be4
12. Ba3 Re8 13. Nf3 Qa5 14. Qb2 Bxf3 15. gxf3 Qg5+ 16. Kh1 Qf5
17. Be2 b6 18. Qd2 e5 19. Bb2 Nd7 20. Rad1 Rad8 21. Qd3 Qh3
22. Qc2 exd4 23. cxd4 c5 24. Rg1 cxd4 25. Bxd4 Bxd4 26. Rxd4
Ne5 27. Rf4 Rd5 28. Qa4 Re7 29. Qc2 Rc5 30. Qb2 Rd7 31. Re4
1/2-1/2

[Event "3rd HD Bank Cup"]
[Site "Ho Chi Minh City VIE"]
[Date "2013.03.23"]
[EventDate "2013.03.19"]
[Round "8.18"]
[Result "0-1"]
[White "Shen Yang"]
[Black "Pham Chuong"]
[WhiteElo "2415"]
[BlackElo "2327"]
[PlyCount "140"]

1. d4 d5 2. c4 e6 3. Nf3 Nf6 4. Nc3 Be7 5. Bf4 O-O 6. e3 c6
7. h3 b6 8. cxd5 cxd5 9. Bd3 Bb7 10. O-O a6 11. Rc1 b5 12. a4
b4 13. Nb1 Nc6 14. Nbd2 Rc8 15. Nb3 Nd7 16. Qe2 Qb6 17. Nc5
Nxc5 18. dxc5 Qd8 19. Bxa6 Bxa6 20. Qxa6 f6 21. Bd6 Qd7
22. Bxe7 Qxe7 23. b3 e5 24. Rfd1 Qe6 25. e4 dxe4 26. Rd6 Qxb3
27. Nd2 Qa3 28. Qc4+ Kh8 29. Nb3 Qxa4 30. Ra1 Na5 31. Rxa4
Nxc4 32. Rd7 Rb8 33. Raa7 Rg8 34. Rab7 Rxb7 35. Rxb7 e3
36. fxe3 Nxe3 37. Rxb4 Rc8 38. c6 Kg8 39. Na5 Nd5 40. Rb7 Kf8
41. Rd7 Ne7 42. Rd6 Ke8 43. Re6 Rc7 44. g4 Kf7 45. Rd6 Ra7
46. Nc4 Ra4 47. Ne3 Ra1+ 48. Kg2 Rc1 49. Rd7 Ke6 50. Nf5 Nxf5
51. gxf5+ Kxf5 52. c7 g5 53. Rxh7 Kf4 54. Kf2 e4 55. Rf7 f5
56. Ke2 Rc2+ 57. Kd1 Rc6 58. Ke2 Rc4 59. Kd2 Ke5 60. Rh7 Kd6
61. Rf7 f4 62. Rf6+ Ke7 63. Rf5 Ke6 64. Rxg5 Rxc7 65. h4 Kf6
66. Ra5 Rd7+ 67. Ke2 Rb7 68. Kd2 e3+ 69. Kd3 Rd7+ 70. Ke2 Rd2+
0-1

[Event "Chinese Championships (Women)"]
[Site "Xinghua CHN"]
[Date "2013.04.16"]
[EventDate "2013.04.16"]
[Round "1.5"]
[Result "0-1"]
[White "Shiqun Ni"]
[Black "Shen Yang"]
[WhiteElo "2213"]
[BlackElo "2397"]
[PlyCount "74"]

1. e4 c6 2. Nc3 d5 3. Nf3 g6 4. d4 Bg7 5. h3 dxe4 6. Nxe4 Bf5
7. Ng3 Be6 8. c3 Nf6 9. Bd3 Bd5 10. O-O Nbd7 11. Qe2 O-O
12. Bf4 c5 13. dxc5 Nxc5 14. Bc2 Qb6 15. b3 Ne6 16. Be5 Rfd8
17. Rfd1 Qa5 18. Nd4 Nxd4 19. Bxd4 Bc6 20. Qxe7 Re8 21. Qd6
Rad8 22. Qf4 Nd5 23. Qg5 h6 24. Qh4 Nxc3 25. Bxg7 Kxg7 26. Rd4
Qg5 27. Qxg5 hxg5 28. Rxd8 Rxd8 29. b4 Rd2 30. Bb3 Rb2 31. Bc4
Rxb4 32. Bb3 a5 33. Rc1 Nb5 34. Rc5 a4 35. Bc4 Nd4 36. a3 Rb1+
37. Kh2 Rc1 0-1

[Event "Chinese Championships (Women)"]
[Site "Xinghua CHN"]
[Date "2013.04.17"]
[EventDate "2013.04.16"]
[Round "2.2"]
[Result "1/2-1/2"]
[White "Shen Yang"]
[Black "Qi Guo"]
[WhiteElo "2397"]
[BlackElo "2439"]
[PlyCount "63"]

1. d4 d5 2. Nf3 Nf6 3. c4 dxc4 4. e3 e6 5. Bxc4 c5 6. O-O a6
7. a4 Nc6 8. Nc3 Be7 9. Qe2 cxd4 10. Rd1 e5 11. exd4 exd4
12. Nxd4 Nxd4 13. Qe5 Qd6 14. Qxd6 Bxd6 15. Rxd4 Bc5 16. Rd1
O-O 17. Bg5 Be6 18. Bxe6 fxe6 19. Bxf6 gxf6 20. Ne4 Rac8
21. Nxc5 Rxc5 22. Rac1 Rxc1 23. Rxc1 Rd8 24. g3 Rd7 25. b4 Kf7
26. Rc5 e5 27. b5 axb5 28. Rxb5 Kg6 29. Kg2 h5 30. h4 Rd4
31. Rxb7 Rxa4 32. Rb2 1/2-1/2

[Event "Chinese Championships (Women)"]
[Site "Xinghua CHN"]
[Date "2013.04.18"]
[EventDate "2013.04.16"]
[Round "3.6"]
[Result "1/2-1/2"]
[White "Mo Zhai"]
[Black "Shen Yang"]
[WhiteElo "2259"]
[BlackElo "2397"]
[PlyCount "74"]

1. e4 c6 2. d4 d5 3. Nc3 dxe4 4. Nxe4 Nd7 5. Bc4 Ngf6 6. Ng5
e6 7. Qe2 Nb6 8. Bd3 h6 9. N5f3 c5 10. dxc5 Nbd7 11. Ne5 Nxe5
12. Qxe5 Nd7 13. Qe2 Nxc5 14. Bb5+ Bd7 15. Bd2 Bxb5 16. Qxb5+
Qd7 17. Qxd7+ Nxd7 18. Bc3 Bc5 19. Bxg7 Rg8 20. Bxh6 Rxg2
21. Nh3 O-O-O 22. Kf1 Rg4 23. Be3 Bxe3 24. fxe3 Ne5 25. Nf2
Rc4 26. Rc1 Rd2 27. h4 Ng4 28. Nxg4 Rxg4 29. h5 Rgg2 30. h6
Rh2 31. Rxh2 Rxh2 32. h7 Kc7 33. h8=Q Rxh8 34. Ke2 Rh2+
35. Kd3 Kd6 36. Rf1 f5 37. Rf4 Ke5 1/2-1/2

[Event "Chinese Championships (Women)"]
[Site "Xinghua CHN"]
[Date "2013.04.19"]
[EventDate "2013.04.16"]
[Round "4.1"]
[Result "1/2-1/2"]
[White "Kuang Yinghui"]
[Black "Shen Yang"]
[WhiteElo "2212"]
[BlackElo "2397"]
[PlyCount "102"]

1. e4 e5 2. Nf3 Nc6 3. Bb5 a6 4. Ba4 Nf6 5. O-O b5 6. Bb3 Be7
7. d3 O-O 8. a4 Bb7 9. Re1 d6 10. Nc3 b4 11. Ne2 Na5 12. Ba2
c5 13. Ng3 Rb8 14. h3 Re8 15. Nf5 c4 16. Bd2 Bc6 17. Ne3 cxd3
18. cxd3 Nd7 19. Nd5 b3 20. Nxe7+ Rxe7 21. Bxa5 Qxa5 22. Bxb3
Nc5 23. Nd2 Nxd3 24. Re3 Nc5 25. Bc2 Qc7 26. Nc4 Rb4 27. b3
Rd7 28. a5 Ne6 29. Nb6 Rd8 30. Qe1 Rd4 31. Bd3 Nc5 32. Bc2 Qb7
33. f3 g6 34. Kh2 Kg7 35. b4 Nd7 36. Rea3 Nxb6 37. axb6 Bb5
38. Ba4 Qxb6 39. Bxb5 axb5 40. Ra7 d5 41. R1a6 Qb8 42. Qh4 Rf8
43. Qf6+ Kg8 44. Qc6 Qd8 45. Rxf7 Rxf7 46. Ra8 Qxa8 47. Qxa8+
Rf8 48. Qc6 dxe4 49. Qe6+ Rf7 50. Qe8+ Rf8 51. Qe6+ Rf7
1/2-1/2

[Event "Chinese Championships (Women)"]
[Site "Xinghua CHN"]
[Date "2013.04.20"]
[EventDate "2013.04.16"]
[Round "5.6"]
[Result "1-0"]
[White "Shen Yang"]
[Black "Tingjie Lei"]
[WhiteElo "2397"]
[BlackElo "2232"]
[PlyCount "147"]

1. d4 d5 2. Nf3 Nf6 3. c4 c6 4. Nbd2 g6 5. e3 Bg7 6. b4 Ne4
7. Bb2 Nxd2 8. Nxd2 O-O 9. Be2 b6 10. Qb3 Bb7 11. O-O e6
12. Rfd1 Nd7 13. a4 a6 14. Rac1 Rc8 15. Bf3 Nf6 16. Qd3 Re8
17. Nb3 Bf8 18. Qd2 Qe7 19. c5 b5 20. Ra1 Ra8 21. Ra3 Qc7
22. Rda1 Reb8 23. Bc3 h5 24. axb5 axb5 25. Ra7 Qc8 26. Qc2 Bg7
27. g3 Rxa7 28. Rxa7 Ra8 29. Qa2 Rxa7 30. Qxa7 Qa8 31. Qb6 Qc8
32. Na5 Ba8 33. Qa7 Nd7 34. Bg2 Bh6 35. h3 Kf8 36. Bd2 Ke8
37. g4 hxg4 38. hxg4 Kf8 39. Kf1 Bg5 40. Be1 Kg7 41. Bf3 Bd8
42. Nb3 Qb7 43. Qa1 Kg8 44. Ke2 Qb8 45. Bc3 Bg5 46. Kd2 Bb7
47. Na5 Qa8 48. Be2 Bd8 49. Kc2 Bxa5 50. bxa5 Ba6 51. Bb4 Qb8
52. Qh1 Kg7 53. Qh4 Qe8 54. Bd3 Bb7 55. Kb3 Kg8 56. Qh6 Nf6
57. Qf4 Qd8 58. Qg5 Kg7 59. Qe5 Kg8 60. f3 Ne8 61. Be1 Qc7
62. Qg5 Kg7 63. f4 Nf6 64. f5 Nh7 65. Qh4 Bc8 66. fxg6 fxg6
67. Kb4 Nf8 68. Bg3 Qd7 69. Be5+ Kf7 70. Qh8 Ba6 71. Bd6 Qd8
72. g5 Qe8 73. Bxf8 Qxf8 74. Qf6+ 1-0

[Event "Chinese Championships (Women)"]
[Site "Xinghua CHN"]
[Date "2013.04.22"]
[EventDate "2013.04.16"]
[Round "6.2"]
[Result "1/2-1/2"]
[White "Wang Jue"]
[Black "Shen Yang"]
[WhiteElo "2401"]
[BlackElo "2397"]
[PlyCount "124"]

1. e4 e5 2. Nf3 Nc6 3. Bb5 Nf6 4. d3 Bc5 5. c3 O-O 6. O-O d6
7. h3 Ne7 8. Re1 Ng6 9. d4 Bb6 10. Nbd2 c6 11. Ba4 Re8 12. Bc2
Be6 13. Nf1 exd4 14. cxd4 d5 15. e5 Ne4 16. N1d2 Nxd2 17. Bxd2
f6 18. exf6 Qxf6 19. Bg5 Qf7 20. Qd3 Rf8 21. Nh4 Qxf2+ 22. Kh1
Qf7 23. Rf1 Qe8 24. Rae1 Rxf1+ 25. Rxf1 Bd8 26. Nf3 Bc7
27. Nh4 Bd8 28. Nf3 Bc7 29. Nh4 Bf7 30. Nf5 Qe4 31. Qd2 Qe6
32. Re1 Qd7 33. Bh6 Be6 34. Nxg7 Qd6 35. g4 Bd7 36. Nf5 Qf6
37. Bg7 Qd8 38. Qh6 Bf4 39. Ne7+ Qxe7 40. Qxh7+ Kxh7 41. Rxe7
Re8 42. Rxd7 Re1+ 43. Kg2 Re2+ 44. Kf3 Rxc2 45. Be5+ Kh6
46. Bxf4+ Nxf4 47. Kxf4 Rf2+ 48. Kg3 Rxb2 49. Kh4 Rb4 50. Rd6+
Kg7 51. Kg5 Rxd4 52. Rd7+ Kg8 53. h4 c5 54. h5 c4 55. h6 Re4
56. Rxd5 c3 57. Rc5 Re3 58. Rc8+ Kh7 59. Rc7+ Kg8 60. Kf6 Rd3
61. g5 Rd6+ 62. Ke7 Rg6 1/2-1/2

[Event "Chinese Championships (Women)"]
[Site "Xinghua CHN"]
[Date "2013.04.23"]
[EventDate "2013.04.16"]
[Round "7.5"]
[Result "1-0"]
[White "Shen Yang"]
[Black "Xiaoyi Ren"]
[WhiteElo "2397"]
[BlackElo "2212"]
[PlyCount "79"]

1. d4 Nf6 2. c4 g6 3. Nc3 Bg7 4. e4 d6 5. Be2 O-O 6. Nf3 e5
7. O-O exd4 8. Nxd4 Re8 9. f3 c6 10. Kh1 Nbd7 11. Bg5 Nc5
12. Qd2 Qc7 13. Rfd1 Ne6 14. Nxe6 Rxe6 15. Rac1 a5 16. c5 Ne8
17. Bc4 Re5 18. cxd6 Nxd6 19. Bf4 Nxc4 20. Qd8+ Qxd8 21. Rxd8+
Bf8 22. Bh6 Bd7 23. Rxa8 Re8 24. Rxe8 Bxe8 25. Bxf8 Kxf8
26. Na4 b5 27. b3 Ne5 28. Nc5 g5 29. Kg1 Ke7 30. Nb7 g4
31. fxg4 Nxg4 32. Nxa5 Kd6 33. Nb7+ Kc7 34. Nc5 f6 35. h3 Ne5
36. Kf2 Bf7 37. Ke3 Kd6 38. Kd4 Ng6 39. Rf1 Ke7 40. a4 1-0

[Event "Chinese Championships (Women)"]
[Site "Xinghua CHN"]
[Date "2013.04.24"]
[EventDate "2013.04.16"]
[Round "8.3"]
[Result "1/2-1/2"]
[White "Zhang Xiaowen"]
[Black "Shen Yang"]
[WhiteElo "2367"]
[BlackElo "2397"]
[PlyCount "63"]

1. e4 e5 2. Nf3 Nc6 3. Bb5 Nf6 4. d3 Bc5 5. c3 O-O 6. O-O d6
7. h3 h6 8. Re1 Bb6 9. Nbd2 Ne7 10. d4 c6 11. Bf1 Ng6 12. b3
Re8 13. Bb2 Nh7 14. c4 c5 15. d5 Ng5 16. Nh2 Ba5 17. Re3 f5
18. exf5 Bxf5 19. Ndf3 Rf8 20. Bd3 Bxd3 21. Qxd3 Nxf3+
22. Nxf3 Qf6 23. Rf1 Rae8 24. Qe4 Ne7 25. Nh2 Qf4 26. Qd3 Nf5
27. Re4 Qd2 28. Qxd2 Bxd2 29. Rd1 Ba5 30. Nf1 Nd4 31. Ng3 g6
32. f3 1/2-1/2

[Event "Chinese Championships (Women)"]
[Site "Xinghua CHN"]
[Date "2013.04.25"]
[EventDate "2013.04.16"]
[Round "9.4"]
[Result "1/2-1/2"]
[White "Shen Yang"]
[Black "Ding Yixin"]
[WhiteElo "2397"]
[BlackElo "2427"]
[PlyCount "63"]

1. d4 Nf6 2. c4 g6 3. Nc3 d5 4. cxd5 Nxd5 5. e4 Nxc3 6. bxc3
Bg7 7. Be3 c5 8. Rc1 Qa5 9. Qd2 cxd4 10. cxd4 Qxd2+ 11. Bxd2
O-O 12. Nf3 e6 13. h4 Nc6 14. e5 Rd8 15. Bg5 Re8 16. h5 h6
17. Be3 g5 18. Bd3 Nb4 19. Bb1 Bd7 20. Nd2 Bf8 21. Ne4 Nd5
22. Bd3 Rec8 23. Ke2 Bc6 24. Bd2 a5 25. Rhg1 Nb4 26. Bxb4 axb4
27. Nf6+ Kg7 28. Bc4 Be7 29. Ng4 Bd8 30. Ne3 Bb6 31. Rcd1 Ra3
32. Rd2 1/2-1/2

[Event "Chinese Championships (Women)"]
[Site "Xinghua CHN"]
[Date "2013.04.26"]
[EventDate "2013.04.16"]
[Round "10.4"]
[Result "0-1"]
[White "Xueyi Li"]
[Black "Shen Yang"]
[WhiteElo "2135"]
[BlackElo "2397"]
[PlyCount "62"]

1. d4 d5 2. c4 c6 3. Nc3 Nf6 4. Nf3 dxc4 5. a4 Bf5 6. Ne5 Nbd7
7. Nxc4 Nb6 8. Ne5 a5 9. g3 e6 10. Bg2 Bb4 11. O-O O-O 12. e3
h6 13. Qe2 Nfd7 14. Nd3 e5 15. e4 exd4 16. exf5 dxc3 17. Nxb4
axb4 18. Qg4 Rxa4 19. Bxh6 Qf6 20. Bg5 Ne5 21. Qf4 Qd6
22. Rad1 Nd5 23. Qd4 b5 24. Bf4 Re8 25. Rfe1 c2 26. Rc1 b3
27. Rxe5 Rxe5 28. Qxe5 Qxe5 29. Bxe5 f6 30. Bf4 Ra2 31. Kf1
Rxb2 0-1

[Event "Chinese Championships (Women)"]
[Site "Xinghua CHN"]
[Date "2013.04.27"]
[EventDate "2013.04.16"]
[Round "11.3"]
[Result "1/2-1/2"]
[White "Shen Yang"]
[Black "Tan Zhongyi"]
[WhiteElo "2397"]
[BlackElo "2483"]
[PlyCount "70"]

1. d4 d5 2. Nf3 Nf6 3. c4 e6 4. Nc3 Bb4 5. e3 O-O 6. Bd3 c5
7. O-O b6 8. a3 Bxc3 9. bxc3 Ba6 10. Ne5 dxc4 11. Nxc4 Nc6
12. Bb2 Re8 13. Qe2 e5 14. Nxe5 Bxd3 15. Nxd3 cxd4 16. cxd4
Nxd4 17. Qd1 Ne6 18. Rc1 Ne4 19. Nb4 Qg5 20. Qd5 Qxd5 21. Nxd5
N4c5 22. Rfd1 Kf8 23. g4 Rac8 24. Bc3 f6 25. Kg2 Kf7 26. Bb4
Rh8 27. Nc3 Rcd8 28. Nb5 Nd3 29. Rb1 Nxb4 30. axb4 a6 31. Nd6+
Ke7 32. Nf5+ Kf7 33. Ra1 Rxd1 34. Rxd1 Rd8 35. Ra1 g6 1/2-1/2

[Event "Asian Nations Cup (Women)"]
[Site "Tabriz IRI"]
[Date "2014.05.21"]
[EventDate "2014.05.21"]
[Round "1.2"]
[Result "1-0"]
[White "Shen Yang"]
[Black "Thi Thanh An Nguyen"]
[WhiteElo "2458"]
[BlackElo "2275"]
[PlyCount "197"]

1. d4 Nf6 2. c4 g6 3. Nc3 Bg7 4. e4 d6 5. Nf3 O-O 6. Be2 e5
7. O-O Nc6 8. d5 Ne7 9. b4 Nh5 10. Re1 a5 11. bxa5 Rxa5
12. Nd2 Nf4 13. Bf1 c5 14. a4 Ra6 15. Nb5 Nh5 16. Ra3 Bh6
17. g3 Nf6 18. Bg2 Bg4 19. Qc2 Nc8 20. Bb2 Bd7 21. Rf1 Ne8
22. f4 f6 23. Bc3 Qe7 24. Kh1 Nb6 25. Qb3 Bc8 26. a5 Nd7
27. Bh3 f5 28. exf5 gxf5 29. Qc2 e4 30. Re1 Ndf6 31. Nf1 Qf7
32. Qd1 Bg7 33. Ne3 Nh5 34. Bxg7 Nhxg7 35. Qe2 Qf6 36. Rb1 Qd8
37. Qe1 Rf7 38. Ng2 Ra8 39. Nh4 Ra6 40. Nc3 Kf8 41. Rba1 Nc7
42. Nd1 Ra8 43. Ne3 Na6 44. Nc2 Nc7 45. Rb1 Ra6 46. Ne3 Nce8
47. Qc3 Qf6 48. Qxf6 Rxf6 49. Rb6 Ra7 50. Nd1 Ke7 51. Nc3 Kd8
52. Kg2 Nc7 53. Kf2 Ra6 54. Ke3 Nce8 55. Rxa6 bxa6 56. Rb3 Kc7
57. Rb6 Bb7 58. Bf1 Rf7 59. Be2 Nf6 60. Kf2 Nd7 61. Rb2 Bc8
62. Nd1 Nf8 63. Rb6 Bb7 64. Ne3 Nd7 65. Rb1 Nf8 66. Bd1 Ng6
67. Nhg2 Rf8 68. Rb6 Rb8 69. g4 Ne7 70. h3 Bc8 71. Rxb8 Kxb8
72. Bc2 h5 73. gxf5 Nexf5 74. Bxe4 Nd4 75. Kg3 Kc7 76. Kh4 Kd8
77. Kg5 Bxh3 78. Nh4 Nb3 79. f5 Bxf5 80. Nhxf5 Nxf5 81. Bxf5
Nxa5 82. Kxh5 Nb3 83. Kg6 a5 84. Bc2 Nd4 85. Kf7 Nf3 86. Ke6
Kc7 87. Nf5 Ne1 88. Ba4 Nd3 89. Nxd6 Nb2 90. Bb3 a4 91. Ba2
Nd3 92. Ke7 Nb4 93. Nb5+ Kb7 94. Nc3 a3 95. Bb3 Kb6 96. Na4+
Ka5 97. Nxc5 a2 98. Bxa2 Nxa2 99. Nd3 1-0

[Event "FIDE Women's World Chess Championship"]
[Site "Sochi RUS"]
[Date "2015.03.19"]
[EventDate "2015.03.17"]
[Round "1.3"]
[Result "1/2-1/2"]
[White "Shen Yang"]
[Black "Alina Kashlinskaya"]
[WhiteElo "2459"]
[BlackElo "2436"]
[PlyCount "113"]

1. d4 Nf6 2. c4 e6 3. Nc3 Bb4 4. Qc2 O-O 5. Nf3 d5 6. cxd5
exd5 7. Bg5 h6 8. Bh4 c5 9. dxc5 Nbd7 10. e3 g5 11. Bg3 Nxc5
12. Be2 Nfe4 13. O-O Bxc3 14. bxc3 Bf5 15. Qb2 Qe7 16. Qa3 h5
17. Rad1 Rad8 18. Nd2 Rfe8 19. Bxh5 Nxd2 20. Rxd2 Ne4 21. Qxe7
Rxe7 22. Rb2 Nxc3 23. Rc1 Rc8 24. Kh1 b5 25. h3 Rc4 26. Bf3 a5
27. a3 Na4 28. Rxc4 bxc4 29. Rb8+ Kg7 30. Bd6 c3 31. Bd1 Nb2
32. Bc2 Bxc2 33. Bxe7 Bd1 34. Bc5 Kg6 35. Bd4 Na4 36. Rc8 c2
37. Kg1 Kf5 38. f3 Ke6 39. e4 Kd7 40. Rxc2 Bxc2 41. exd5 Kd6
42. Bf6 Kxd5 43. Bd8 Nc5 44. Bxa5 Ne6 45. Bc3 Kc4 46. Bf6 Bf5
47. Kf2 Kb3 48. Be7 Bg6 49. Kg3 Bf5 50. Kf2 Kc4 51. a4 Bc2
52. a5 Kb5 53. Kg3 Bf5 54. Bxg5 Nxg5 55. Kf4 Bxh3 56. Kxg5
Bxg2 57. Kf6 1/2-1/2

[Event "Chinese Team Championship"]
[Site "China CHN"]
[Date "2015.04.10"]
[EventDate "2015.04.10"]
[Round "1.2"]
[Result "1/2-1/2"]
[White "Shen Yang"]
[Black "Tingjie Lei"]
[WhiteElo "2459"]
[BlackElo "2444"]
[PlyCount "83"]

1. d4 Nf6 2. c4 g6 3. Nf3 Bg7 4. Nc3 d5 5. Qb3 dxc4 6. Qxc4
O-O 7. e4 a6 8. Be2 b5 9. Qd3 c5 10. dxc5 Bb7 11. O-O b4
12. Na4 Bxe4 13. Qxd8 Rxd8 14. a3 Nc6 15. Nb6 Ra7 16. axb4
Nxb4 17. Ra4 a5 18. Nc4 Nfd5 19. Rxa5 Rxa5 20. Nxa5 Rc8
21. Nb3 Bc2 22. Nfd4 Bxd4 23. Nxd4 Bd3 24. Bh6 Bxe2 25. Nxe2
Rxc5 26. Rc1 Rxc1+ 27. Nxc1 f6 28. Bd2 Kf7 29. Kf1 Ke6 30. Ke2
Kd6 31. h4 Nc6 32. Kd3 Ne5+ 33. Kd4 Nc6+ 34. Kc4 Ne5+ 35. Kb5
Nc7+ 36. Ka4 Nd5 37. b4 Nc4 38. Bh6 Kc6 39. Ne2 Nb2+ 40. Ka5
Nc4+ 41. Ka4 Nb2+ 42. Ka5 1/2-1/2

[Event "Chinese Team Championship"]
[Site "China CHN"]
[Date "2015.04.11"]
[EventDate "2015.04.10"]
[Round "2.5"]
[Result "1-0"]
[White "Yiyi Xiao"]
[Black "Shen Yang"]
[WhiteElo "2218"]
[BlackElo "2459"]
[PlyCount "101"]

1. d4 e6 2. c4 Bb4+ 3. Bd2 a5 4. Nf3 d6 5. g3 Nd7 6. Bg2 e5
7. O-O Ngf6 8. Nc3 exd4 9. Nxd4 O-O 10. Qc2 Nb6 11. b3 Bc5
12. Nf5 Re8 13. Rad1 a4 14. Bc1 axb3 15. axb3 Ra1 16. Nh4 Ra5
17. Bb2 Bb4 18. Nd5 Nbxd5 19. cxd5 Rc5 20. Qd3 Bd7 21. Bf3 Ba5
22. Qd4 Rc2 23. Ba1 Qa8 24. Qd3 Ra2 25. Bxf6 gxf6 26. Be4 Kf8
27. Qf3 Bb6 28. Bd3 Qd8 29. Qh5 Re5 30. Qh6+ Ke8 31. Qxh7 Qe7
32. Ra1 Ra6 33. Bxa6 bxa6 34. Rxa6 Bc8 35. Ra8 Kd7 36. Qg8 Bb7
37. Qg4+ f5 38. Nxf5 Re4 39. Qh3 Bxa8 40. Nxe7+ Kxe7 41. Qh5
Bb7 42. Qg5+ Kf8 43. e3 Re5 44. Qh6+ Ke7 45. Qh4+ Kf8 46. e4
Kg7 47. Qg4+ Kf8 48. Rd1 f5 49. exf5 Bc8 50. Rd3 Ba6 51. f6
1-0